000 00598ntaaa2200205 4500
003 01
005 20251027202507.0
008 0714s1973 ag 01
040 _aAR-BaBN
_bspa
_cAR-BaBN
_eaacr
_dRIC
082 _a220.7000 L45e
100 _aBarry, Alfred (1826- )
_923827
245 _aThe epistles to the Colossians, Thessalonians and Timothy
250 _a1 ed.
260 _aGrand Rapids :
_bZondervan,
_c1957
300 _a354 p.
650 _aBiblia - N.T. - Colosenses
_913450
700 _aMason, A. T.
_923828
700 _aSpence-Jones, Henry Donald Maurice (1836- )
942 _cBK
999 _c19941
_d19941